| 000 | 01019nam a2200325Ia 4500 | ||
|---|---|---|---|
| 003 | OSt | ||
| 005 | 20220912151226.0 | ||
| 006 | a|||||r|||| 00| 0 | ||
| 007 | ta | ||
| 008 | 220909b |||||||| |||| 00| 0 eng d | ||
| 020 | _a0716739054 (hbd) | ||
| 024 | _a10985 | ||
| 037 | _bN R, | ||
| 037 | _cTextual | ||
| 040 |
_aCSL _beng _cCSL |
||
| 041 | _aeng | ||
| 082 | _aH23, N6;P4;1 | ||
| 100 | _aPrREFo Donald R | ||
| 245 | 0 | _aSedimentary geology: an introduction to sedimentary rocks and stratigraphy by Donald R PrREFo and Fred Schwab | |
| 250 | _aEd 2 | ||
| 260 |
_aNew York _b W H Freeman and Company _c2004 |
||
| 300 | _avii, 557p | ||
| 500 | _aAppendix A-B, 463-503p; Glossary 504-515p; Bibliography 516-538p; Index 539-557p; ^n23/CSL/H/2003-2004/760^d2003-09-17^mPurchase | ||
| 650 | _a Rocks | ||
| 650 | _a Sedimentary | ||
| 650 | _aGeology | ||
| 700 | _a Schwab Fred | ||
| 942 |
_hH23, N6;P4;1 _cTEXL _2CC |
||
| 999 |
_c63945 _d63945 |
||